|
|
|
|
| LEADER |
02196nam a22005295i 4500 |
| 001 |
978-1-4842-1311-7 |
| 003 |
DE-He213 |
| 005 |
20160827101302.0 |
| 007 |
cr nn 008mamaa |
| 008 |
160827s2016 xxu| s |||| 0|eng d |
| 020 |
|
|
|a 9781484213117
|9 978-1-4842-1311-7
|
| 024 |
7 |
|
|a 10.1007/978-1-4842-1311-7
|2 doi
|
| 040 |
|
|
|d GrThAP
|
| 050 |
|
4 |
|a HD30.2
|
| 072 |
|
7 |
|a KJQ
|2 bicssc
|
| 072 |
|
7 |
|a COM005030
|2 bisacsh
|
| 082 |
0 |
4 |
|a 658.4038
|2 23
|
| 100 |
1 |
|
|a Dinsmore, Thomas W.
|e author.
|
| 245 |
1 |
0 |
|a Disruptive Analytics
|h [electronic resource] :
|b Charting Your Strategy for Next-Generation Business Analytics /
|c by Thomas W. Dinsmore.
|
| 264 |
|
1 |
|a Berkeley, CA :
|b Apress :
|b Imprint: Apress,
|c 2016.
|
| 300 |
|
|
|a XVII, 262 p. 18 illus., 13 illus. in color.
|b online resource.
|
| 336 |
|
|
|a text
|b txt
|2 rdacontent
|
| 337 |
|
|
|a computer
|b c
|2 rdamedia
|
| 338 |
|
|
|a online resource
|b cr
|2 rdacarrier
|
| 347 |
|
|
|a text file
|b PDF
|2 rda
|
| 505 |
0 |
|
|a Chapter 1: Disruption -- Chapter 2: A Short History of Business Analytics -- Chapter 3: Open Source Analytics -- Chapter 4: The Hadoop Ecosystem -- Chapter 5: In-Memory Analytics -- Chapter 6: Streaming and Real Time -- Chapter 7: Analytics in the Cloud -- Chapter 8: Machine Learning -- Chapter 9: Self-Service Analytics -- Chapter 10: Handbook for Managers. .
|
| 520 |
|
|
|a .
|
| 650 |
|
0 |
|a Business.
|
| 650 |
|
0 |
|a Management science.
|
| 650 |
|
0 |
|a Knowledge management.
|
| 650 |
|
0 |
|a Management information systems.
|
| 650 |
|
0 |
|a Data mining.
|
| 650 |
|
0 |
|a Information storage and retrieval.
|
| 650 |
|
0 |
|a Computer simulation.
|
| 650 |
1 |
4 |
|a Business and Management.
|
| 650 |
2 |
4 |
|a Business Information Systems.
|
| 650 |
2 |
4 |
|a Business and Management, general.
|
| 650 |
2 |
4 |
|a Knowledge Management.
|
| 650 |
2 |
4 |
|a Data Mining and Knowledge Discovery.
|
| 650 |
2 |
4 |
|a Information Storage and Retrieval.
|
| 650 |
2 |
4 |
|a Simulation and Modeling.
|
| 710 |
2 |
|
|a SpringerLink (Online service)
|
| 773 |
0 |
|
|t Springer eBooks
|
| 776 |
0 |
8 |
|i Printed edition:
|z 9781484213124
|
| 856 |
4 |
0 |
|u http://dx.doi.org/10.1007/978-1-4842-1311-7
|z Full Text via HEAL-Link
|
| 912 |
|
|
|a ZDB-2-BUM
|
| 950 |
|
|
|a Business and Management (Springer-41169)
|